000 00656nam a2200241Ia 4500
003 OSt
005 20220918200439.0
006 a|||||r|||| 00| 0
007 ta
008 220917b |||||||| |||| 00| 0 eng d
024 _a88,835
037 _cTextual
040 _aARTS
_cARTS
_beng
041 _2eng
_aeng
082 _aT40Y1, K0-;1
100 _aDucret Bernard ed
_994104
245 0 _aUniversity today
_b its role and lace in society
260 _c1960
650 _aHIGHER EDUCATION
700 _a Rafe Uz Zaman ed
_994105
942 _hT40Y1, K0-;1
_cTEXL
_2CC
999 _c212505
_d212505